| 000 | 00000nam##2200000za#4500 |
| 001 | 9.587687 |
| 003 | CaOODSP |
| 005 | 20210624194744 |
| 007 | cr ||||||||||| |
| 008 | 150406|2007||||xxc|||||o f|0| 0 eng|d |
| 022 | |a1701-1280 |
| 040 | |aCaOODSP|beng |
| 041 | |aeng |
| 041 | |afre |
| 043 | |an-cn--- |
| 086 | 1 |aFs70-4/2007-023-PDF |
| 110 | 1 |aCanada. |bDepartment of Fisheries and Oceans. |
| 245 | 10|aProceedings of the expert panel on national containment standards for facilities handling aquatic animal pathogens : |h[electronic resource]|bApril 18, 2006, Ottawa, Ontario / |cJake Rice, chair ; Nancy House, editor. |
| 246 | 1 |iAdditional title (within publication) : |aAquatic animal pathogen containment guidelines for laboratories and live holding facilities |
| 260 | |aOttawa - Ontario : |bFisheries and Oceans Canada |cOctober 2007. |
| 300 | |a39p.|btables |
| 490 | 1 |aCanadian Science Advisory Secretariat proceedings series|x1701-1280|v2007/023 |
| 546 | |aBilingual, appendix in English only. |
| 590 | |a11-32-Supp|b2011-12-20 |
| 720 | 1 |aRice, Jake |
| 720 | 1 |aHouse, Nancy |
| 792 | |tCompte rendu de la réunion des experts sur les normes nationales pour les installations qui manipulent les pathogènes des animaux aquatiques : |efre|w(CaOODSP)9.587688 |
| 830 | #0|aProceedings series (Canadian Science Advisory Secretariat)|x1701-1280|v2007/023|w(CaOODSP)9.500507 |
| 856 | 40|ahttp://publications.gc.ca|qPDF|s189 KB|uhttps://publications.gc.ca/collections/collection_2011/mpo-dfo/Fs70-4-2007-023.pdf|y2007/023 |